Urban dynamics (Record no. 78550)
[ view plain ]
| 000 -LEADER | |
|---|---|
| fixed length control field | 00624nam a2200145 a 4500 |
| 008 - FIXED-LENGTH DATA ELEMENTS--GENERAL INFORMATION | |
| fixed length control field | 120416s1979 ||||||||||||||||| || u |
| 050 ## - LIBRARY OF CONGRESS CALL NUMBER | |
| Classification number | HT 153 For |
| 100 ## - MAIN ENTRY--PERSONAL NAME | |
| Personal name | Forrester, Jay Wright |
| 245 10 - TITLE STATEMENT | |
| Title | Urban dynamics |
| 260 ## - PUBLICATION, DISTRIBUTION, ETC. | |
| Place of publication, distribution, etc. | Cambridge, Mass. |
| Name of publisher, distributor, etc. | MIT |
| Date of publication, distribution, etc. | 1979 |
| 300 ## - PHYSICAL DESCRIPTION | |
| Extent | xiii, 285p. : ill. |
| 350 ## - | |
| -- | 0.00 |
| 995 ## - | |
| -- | ANNEX COLLECTION (Main Library) |
| -- | 0.00 |
| -- | 703434 |
| -- | CBU-MAIN LIBRARY (Kitwe) |
| -- | 1 |
| -- | 0.00 |
| -- | HT 153 For |
| -- | 1 |
| -- | AVAILABLE |
| -- | 008267 |
| -- | Annex Low-Usage Collection |
| 995 ## - | |
| -- | ANNEX COLLECTION (Main Library) |
| -- | 0.00 |
| -- | 704130 |
| -- | CBU-MAIN LIBRARY (Kitwe) |
| -- | 2 |
| -- | 0.00 |
| -- | HT 153 For |
| -- | 2 |
| -- | AVAILABLE |
| -- | 008266 |
| -- | Annex Low-Usage Collection |
| 999 ## - | |
| -- | 78550 |
| -- | 78550 |
| Withdrawn status | Lost status | Source of classification or shelving scheme | Damaged status | Not for loan | Permanent Location | Current Location | Shelving location | Date acquired | Total Checkouts | Full call number | Barcode | Date last seen | Copy number | Price effective from | Koha item type |
|---|---|---|---|---|---|---|---|---|---|---|---|---|---|---|---|
| CBU-MAIN LIBRARY, KITWE. | CBU-MAIN LIBRARY, KITWE. | 05/17/2023 | HT 153 For | 008267 | 05/17/2023 | 1 | 05/17/2023 | MONOGRAPH | |||||||
| CBU-MAIN LIBRARY, KITWE. | CBU-MAIN LIBRARY, KITWE. | 05/17/2023 | HT 153 For | 008266 | 05/17/2023 | 2 | 05/17/2023 | MONOGRAPH |